00370nam a2200145Ia 4500008004100000020001500041041001200056082001100068100001300079245005900092260003300151300000800184650001800192700001400210221030s9999 xx 000 0 und d a8174461884 aEnglish a105.23 aA. Arora 0aManagement Information Systemscby A. Arora, A. Bhatia bExcel BooksaNew Delhic2010 a517 aMBA Computers aA. Bhatia